[Event "Greek Team Cup Final 8"]
[Site "chess24.com"]
[Date "2017.07.02"]
[Round "3"]
[White "Kotronias, Vasilios"]
[Black "Parligras, Mircea-Emilian"]
[Result "1/2-1/2"]
[Board "1"]
[WhiteElo "2500"]
[WhiteTitle "GM"]
[WhiteCountry "GRE"]
[WhiteFideId "5900212"]
[WhiteEloChange "2"]
[BlackElo "2612"]
[BlackTitle "GM"]
[BlackCountry "ROU"]
[BlackFideId "1204297"]
[BlackEloChange "-2"]

1. e4 {[%clk 1:30:54]} e5 {[%clk 1:30:50]} 2. Nf3 {[%clk 1:31:09]} Nc6 {[%clk
1:31:11]} 3. Bb5 {[%clk 1:31:31]} Nf6 {[%clk 1:31:35]} 4. O-O {[%clk 1:31:57]}
Nxe4 {[%clk 1:31:58]} 5. d4 {[%clk 1:32:26]} Nd6 {[%clk 1:32:12]} 6. dxe5 {[%clk
1:32:53]} Nxb5 {[%clk 1:32:09]} 7. a4 {[%clk 1:33:17]} Nbd4 {[%clk 1:31:24]} 8.
Nxd4 {[%clk 1:33:40]} Nxd4 {[%clk 1:31:15]} 9. Qxd4 {[%clk 1:34:04]} d5 {[%clk
1:31:19]} 10. Qd3 {[%clk 1:30:01]} c6 {[%clk 1:18:15]} 11. Bf4 {[%clk 1:20:33]}
Be6 {[%clk 1:17:45]} 12. Nd2 {[%clk 1:15:03]} Be7 {[%clk 1:15:37]} 13. Rfd1
{[%clk 1:13:23]} O-O {[%clk 1:14:20]} 14. a5 {[%clk 1:08:45]} f6 {[%clk 1:00:41]}
15. Qe3 {[%clk 1:08:22]} Bf5 {[%clk 0:54:12]} 16. c3 {[%clk 1:06:40]} fxe5 {[%clk
0:53:22]} 17. Bxe5 {[%clk 1:07:04]} Rf7 {[%clk 0:49:29]} 18. f4 {[%clk 1:05:48]}
Qf8 {[%clk 0:47:25]} 19. Nf3 {[%clk 0:59:16]} Bg4 {[%clk 0:45:30]} 20. Re1 {[%clk
0:56:12]} Bxf3 {[%clk 0:44:49]} 21. Qxf3 {[%clk 0:55:57]} Bd6 {[%clk 0:40:16]}
22. g3 {[%clk 0:53:58]} Bxe5 {[%clk 0:38:17]} 23. Rxe5 {[%clk 0:54:23]} Re8
{[%clk 0:38:31]} 24. Qe3 {[%clk 0:51:46]} Ra8 {[%clk 0:26:56]} 25. Re1 {[%clk
0:51:43]} a6 {[%clk 0:25:23]} 26. h4 {[%clk 0:51:58]} Rd8 {[%clk 0:24:46]} 27.
Qb6 {[%clk 0:45:17]} Rfd7 {[%clk 0:20:28]} 28. b4 {[%clk 0:43:57]} h6 {[%clk
0:20:24]} 29. Qd4 {[%clk 0:43:23]} Rc7 {[%clk 0:18:30]} 30. Qd3 {[%clk 0:39:16]}
d4 {[%clk 0:16:21]} 31. Qc4+ {[%clk 0:29:41]} Qf7 {[%clk 0:16:48]} 32. Re8+
{[%clk 0:30:09]} Rxe8 {[%clk 0:17:15]} 33. Rxe8+ {[%clk 0:30:36]} Kh7 {[%clk
0:17:43]} 34. Qxf7 {[%clk 0:31:01]} Rxf7 {[%clk 0:18:10]} 35. cxd4 {[%clk
0:31:25]} Rd7 {[%clk 0:18:28]} 36. Rb8 {[%clk 0:31:52]} Kg6 {[%clk 0:14:15]} 37.
Kg2 {[%clk 0:29:34]} h5 {[%clk 0:13:32]} 38. Kf3 {[%clk 0:26:21]} Kf6 {[%clk
0:13:54]} 39. g4 {[%clk 0:17:33]} hxg4+ {[%clk 0:14:20]} 40. Kxg4 {[%clk
0:47:59]} g6 {[%clk 0:43:20]} 41. Kf3 {[%clk 0:48:24]} Ke6 {[%clk 0:34:32]} 42.
Ke4 {[%clk 0:45:36]} Rh7 {[%clk 0:31:19]} 43. Kf3 {[%clk 0:40:14]} Rd7 {[%clk
0:30:40]} 44. Re8+ {[%clk 0:24:34]} Kf7 {[%clk 0:29:50]} 45. Rh8 {[%clk 0:22:15]}
Kf6 {[%clk 0:16:11]} 46. Ke4 {[%clk 0:20:26]} Re7+ {[%clk 0:15:16]} 47. Kd3
{[%clk 0:20:49]} Kf5 {[%clk 0:14:03]} 48. h5 {[%clk 0:20:56]} gxh5 {[%clk
0:14:04]} 49. Rxh5+ {[%clk 0:21:21]} Kxf4 {[%clk 0:14:23]} 50. Kc4 {[%clk
0:20:35]} Rd7 {[%clk 0:09:23]} 51. Re5 {[%clk 0:20:23]} Rh7 {[%clk 0:09:39]} 52.
Re6 {[%clk 0:11:45]} Rd7 {[%clk 0:08:51]} 53. Re8 {[%clk 0:12:05]} Kf5 {[%clk
0:08:02]} 54. Re5+ {[%clk 0:11:23]} Kf6 {[%clk 0:07:48]} 55. Kc5 {[%clk 0:11:27]}
Rd8 {[%clk 0:07:30]} 56. Rh5 {[%clk 0:06:58]} Kg6 {[%clk 0:07:14]} 57. Rh4 {[%clk
0:07:25]} Rd5+ {[%clk 0:07:29]} 58. Kc4 {[%clk 0:07:46]} Kf6 {[%clk 0:06:33]} 59.
Rh6+ {[%clk 0:07:28]} Kg7 {[%clk 0:06:58]} 60. Re6 {[%clk 0:07:47]} Kf7 {[%clk
0:06:24]} 61. Re5 {[%clk 0:07:15]} Rd7 {[%clk 0:06:47]} 62. Kc5 {[%clk 0:04:09]}
Kf6 {[%clk 0:06:54]} 63. Re8 {[%clk 0:04:31]} Rd5+ {[%clk 0:06:55]} 64. Kc4
{[%clk 0:04:54]} Rd7 {[%clk 0:06:51]} 65. Rb8 {[%clk 0:05:15]} Ke6 {[%clk
0:06:08]} 66. Kc5 {[%clk 0:04:26]} Rd5+ {[%clk 0:05:57]} 67. Kb6 {[%clk 0:04:25]}
Rxd4 {[%clk 0:04:48]} 68. Rxb7 {[%clk 0:04:36]} Rxb4+ {[%clk 0:05:12]} 69. Kxa6
{[%clk 0:05:01]} c5 {[%clk 0:05:17]} 70. Rb6+ {[%clk 0:05:20]} Kd7 {[%clk
0:02:27]} 71. Kb7 {[%clk 0:04:31]} 1/2-1/2

[Event "Greek Team Cup Final 8"]
[Site "chess24.com"]
[Date "2017.07.02"]
[Round "3"]
[White "Galopoulos, Nikolaos"]
[Black "Papahristoudis, Anastasios"]
[Result "1-0"]
[Board "2"]
[WhiteElo "2369"]
[WhiteCountry "GRE"]
[WhiteFideId "4208951"]
[WhiteEloChange "3"]
[BlackElo "2094"]
[BlackCountry "GRE"]
[BlackFideId "4210069"]
[BlackEloChange "-3"]

1. d4 {[%clk 1:30:54]} d5 {[%clk 1:30:48]} 2. c4 {[%clk 1:31:15]} e6 {[%clk
1:31:11]} 3. Nf3 {[%clk 1:31:19]} Nf6 {[%clk 1:31:30]} 4. g3 {[%clk 1:31:42]}
Bb4+ {[%clk 1:31:36]} 5. Nbd2 {[%clk 1:31:59]} O-O {[%clk 1:27:14]} 6. Bg2 {[%clk
1:31:54]} Re8 {[%clk 1:22:51]} 7. O-O {[%clk 1:32:01]} Nc6 {[%clk 1:20:14]} 8.
Qc2 {[%clk 1:30:30]} Bxd2 {[%clk 1:03:20]} 9. Bxd2 {[%clk 1:30:47]} Ne4 {[%clk
0:58:42]} 10. Rac1 {[%clk 1:29:37]} Qf6 {[%clk 0:55:21]} 11. e3 {[%clk 1:27:57]}
Bd7 {[%clk 0:47:36]} 12. Ne1 {[%clk 1:27:30]} Nxd2 {[%clk 0:45:22]} 13. Qxd2
{[%clk 1:27:52]} dxc4 {[%clk 0:44:55]} 14. Rxc4 {[%clk 1:27:34]} Rad8 {[%clk
0:37:04]} 15. Nd3 {[%clk 1:27:47]} e5 {[%clk 0:33:54]} 16. d5 {[%clk 1:28:05]} e4
{[%clk 0:33:52]} 17. Rxe4 {[%clk 1:26:46]} Rxe4 {[%clk 0:33:28]} 18. Bxe4 {[%clk
1:27:14]} Ne5 {[%clk 0:33:13]} 19. Nxe5 {[%clk 1:27:29]} Qxe5 {[%clk 0:33:39]}
20. Bg2 {[%clk 1:27:42]} Be6 {[%clk 0:27:29]} 21. Qa5 {[%clk 1:27:58]} a6 {[%clk
0:20:50]} 22. Rc1 {[%clk 1:25:54]} h6 {[%clk 0:11:32]} 23. Qxc7 {[%clk 1:24:41]}
Rc8 {[%clk 0:11:34]} 24. Qxe5 {[%clk 1:25:05]} Rxc1+ {[%clk 0:11:51]} 25. Bf1
{[%clk 1:25:32]} Bh3 {[%clk 0:12:07]} 26. Qe8+ {[%clk 1:26:01]} Kh7 {[%clk
0:12:10]} 27. Qe4+ {[%clk 1:26:30]} Kg8 {[%clk 0:11:19]} 28. Qd3 {[%clk 1:26:59]}
Kf8 {[%clk 0:11:22]} 29. e4 {[%clk 1:27:21]} Ke7 {[%clk 0:10:31]} 30. f3 {[%clk
1:27:50]} 1-0

[Event "Greek Team Cup Final 8"]
[Site "chess24.com"]
[Date "2017.07.02"]
[Round "3"]
[White "Mitsis, Georgios"]
[Black "Gimnopoulos, Lazaros"]
[Result "1-0"]
[Board "3"]
[WhiteElo "2278"]
[WhiteCountry "GRE"]
[WhiteFideId "4295676"]
[WhiteEloChange "4"]
[BlackElo "2051"]
[BlackCountry "GRE"]
[BlackFideId "4201736"]
[BlackEloChange "-4"]

1. d4 {[%clk 1:30:57]} e6 {[%clk 1:28:49]} 2. Nf3 {[%clk 1:31:17]} d5 {[%clk
1:28:24]} 3. c4 {[%clk 1:29:24]} Nf6 {[%clk 1:24:49]} 4. Nc3 {[%clk 1:29:14]} c5
{[%clk 1:21:36]} 5. cxd5 {[%clk 1:27:41]} Nxd5 {[%clk 1:09:57]} 6. e3 {[%clk
1:18:46]} cxd4 {[%clk 1:04:07]} 7. exd4 {[%clk 1:18:20]} a6 {[%clk 0:57:59]} 8.
Bd3 {[%clk 1:17:49]} Be7 {[%clk 0:56:10]} 9. O-O {[%clk 1:17:43]} Nd7 {[%clk
0:50:52]} 10. Nxd5 {[%clk 1:12:12]} exd5 {[%clk 0:51:07]} 11. Bf4 {[%clk
1:12:36]} Nf8 {[%clk 0:46:45]} 12. Qa4+ {[%clk 0:56:51]} Bd7 {[%clk 0:40:13]} 13.
Qb3 {[%clk 0:54:32]} Ne6 {[%clk 0:40:06]} 14. Be3 {[%clk 0:54:17]} Bc8 {[%clk
0:34:48]} 15. Ne5 {[%clk 0:26:21]} f6 {[%clk 0:30:51]} 16. Nf3 {[%clk 0:24:20]}
O-O {[%clk 0:30:52]} 17. Bf5 {[%clk 0:22:46]} Qd6 {[%clk 0:26:15]} 18. Rfe1
{[%clk 0:22:18]} Nc7 {[%clk 0:24:31]} 19. Bd3 {[%clk 0:19:30]} Bd7 {[%clk
0:20:12]} 20. Rac1 {[%clk 0:19:13]} Bc6 {[%clk 0:18:48]} 21. Qc2 {[%clk 0:18:29]}
h6 {[%clk 0:11:38]} 22. Nh4 {[%clk 0:18:18]} Rfe8 {[%clk 0:11:24]} 23. Bg6 {[%clk
0:18:28]} Bf8 {[%clk 0:10:11]} 24. Nf5 {[%clk 0:09:22]} Qd7 {[%clk 0:10:12]} 25.
Bxe8 {[%clk 0:09:42]} Rxe8 {[%clk 0:10:33]} 26. Ng3 {[%clk 0:08:56]} Nb5 {[%clk
0:08:35]} 27. Qg6 {[%clk 0:08:05]} Kh8 {[%clk 0:08:37]} 28. Nh5 {[%clk 0:08:06]}
Re6 {[%clk 0:06:37]} 29. Nf4 {[%clk 0:07:34]} Re4 {[%clk 0:06:47]} 30. f3 {[%clk
0:07:50]} Re8 {[%clk 0:06:21]} 31. Bf2 {[%clk 0:06:02]} Nc7 {[%clk 0:03:03]} 32.
Nd3 {[%clk 0:03:28]} Ne6 {[%clk 0:03:05]} 33. Qg4 {[%clk 0:03:03]} Qf7 {[%clk
0:03:07]} 34. Nf4 {[%clk 0:02:44]} Nxf4 {[%clk 0:03:07]} 35. Qxf4 {[%clk
0:03:04]} Rd8 {[%clk 0:02:31]} 36. Qd2 {[%clk 0:03:00]} g5 {[%clk 0:01:45]} 37.
Bg3 {[%clk 0:03:09]} h5 {[%clk 0:01:41]} 38. h4 {[%clk 0:02:19]} Bh6 {[%clk
0:01:32]} 39. hxg5 {[%clk 0:02:34]} Bxg5 {[%clk 0:01:55]} 40. Bf4 {[%clk
0:32:53]} Rg8 {[%clk 0:32:15]} 41. Bxg5 {[%clk 0:32:55]} Rxg5 {[%clk 0:28:42]}
42. Qf4 {[%clk 0:32:41]} Rg7 {[%clk 0:21:25]} 43. Rc2 {[%clk 0:32:00]} Qg6 {[%clk
0:17:12]} 44. Rd2 {[%clk 0:32:20]} Bd7 {[%clk 0:16:17]} 45. Rc1 {[%clk 0:32:07]}
Bc6 {[%clk 0:14:12]} 46. b3 {[%clk 0:32:31]} Re7 {[%clk 0:14:02]} 47. Kf2 {[%clk
0:32:15]} Rg7 {[%clk 0:13:19]} 48. g3 {[%clk 0:32:27]} Kh7 {[%clk 0:09:17]} 49.
a4 {[%clk 0:32:26]} Re7 {[%clk 0:07:36]} 50. Rh1 {[%clk 0:32:27]} Kg7 {[%clk
0:07:01]} 51. g4 {[%clk 0:32:33]} hxg4 {[%clk 0:06:50]} 52. Rg1 {[%clk 0:30:53]}
Kf7 {[%clk 0:06:54]} 53. Qxg4 {[%clk 0:30:53]} Qh7 {[%clk 0:06:53]} 54. Qg2
{[%clk 0:30:35]} Bd7 {[%clk 0:04:47]} 55. Rh1 {[%clk 0:30:12]} Qf5 {[%clk
0:05:12]} 56. Rh8 {[%clk 0:30:15]} Re8 {[%clk 0:04:58]} 57. Rxe8 {[%clk 0:30:34]}
Bxe8 {[%clk 0:05:23]} 58. Qg4 {[%clk 0:30:34]} Qh7 {[%clk 0:05:41]} 59. Kg2
{[%clk 0:29:42]} Qb1 {[%clk 0:04:10]} 60. Re2 {[%clk 0:29:52]} Bc6 {[%clk
0:03:30]} 61. Qe6+ {[%clk 0:28:48]} Kg7 {[%clk 0:03:16]} 62. Qe7+ {[%clk
0:28:36]} Kg6 {[%clk 0:03:14]} 63. Kh2 {[%clk 0:28:53]} Qf5 {[%clk 0:02:21]} 64.
Rg2+ {[%clk 0:28:59]} Kh5 {[%clk 0:02:38]} 65. Qf7+ {[%clk 0:29:03]} 1-0

[Event "Greek Team Cup Final 8"]
[Site "chess24.com"]
[Date "2017.07.02"]
[Round "3"]
[White "Kesidis, Odyseas"]
[Black "Kalesis, Nikolaos"]
[Result "1/2-1/2"]
[Board "4"]
[WhiteElo "2202"]
[WhiteCountry "GRE"]
[WhiteFideId "4221796"]
[WhiteEloChange "6"]
[BlackElo "2464"]
[BlackTitle "IM"]
[BlackCountry "GRE"]
[BlackFideId "4200438"]
[BlackEloChange "-3"]

1. e4 {[%clk 1:30:57]} c5 {[%clk 1:28:54]} 2. Nf3 {[%clk 1:31:17]} d6 {[%clk
1:29:10]} 3. Bb5+ {[%clk 1:31:40]} Bd7 {[%clk 1:29:18]} 4. Bxd7+ {[%clk 1:32:03]}
Qxd7 {[%clk 1:29:38]} 5. O-O {[%clk 1:32:26]} Nc6 {[%clk 1:29:32]} 6. c3 {[%clk
1:32:45]} Nf6 {[%clk 1:29:31]} 7. Re1 {[%clk 1:33:07]} e6 {[%clk 1:29:22]} 8. d4
{[%clk 1:33:30]} cxd4 {[%clk 1:29:29]} 9. cxd4 {[%clk 1:33:58]} d5 {[%clk
1:29:39]} 10. e5 {[%clk 1:34:20]} Ne4 {[%clk 1:29:52]} 11. Nbd2 {[%clk 1:34:47]}
Nxd2 {[%clk 1:29:46]} 12. Bxd2 {[%clk 1:35:14]} Be7 {[%clk 1:29:42]} 13. Rc1
{[%clk 1:35:33]} Rc8 {[%clk 1:28:57]} 14. Rc3 {[%clk 1:34:16]} O-O {[%clk
1:25:49]} 15. a3 {[%clk 1:34:28]} Nb8 {[%clk 1:24:05]} 16. Rb3 {[%clk 1:23:01]}
b6 {[%clk 1:21:47]} 17. Ng5 {[%clk 1:16:21]} h6 {[%clk 1:18:30]} 18. Nh3 {[%clk
1:16:28]} Qc6 {[%clk 1:18:19]} 19. Rg3 {[%clk 1:13:22]} Kh7 {[%clk 1:17:31]} 20.
Qg4 {[%clk 1:07:37]} Rg8 {[%clk 1:16:33]} 21. Bg5 {[%clk 0:47:46]} Qe8 {[%clk
1:08:29]} 22. Rc1 {[%clk 0:29:41]} Rxc1+ {[%clk 1:03:01]} 23. Bxc1 {[%clk
0:30:03]} Nc6 {[%clk 1:00:24]} 24. Qd1 {[%clk 0:27:04]} Qd7 {[%clk 0:58:24]} 25.
Nf4 {[%clk 0:27:21]} g6 {[%clk 0:55:37]} 26. Qd3 {[%clk 0:25:15]} Qc8 {[%clk
0:51:52]} 27. Bd2 {[%clk 0:24:19]} Nb8 {[%clk 0:50:37]} 28. Rh3 {[%clk 0:22:53]}
Bf8 {[%clk 0:44:28]} 29. Nh5 {[%clk 0:18:12]} Nd7 {[%clk 0:44:43]} 30. b3 {[%clk
0:16:06]} Rh8 {[%clk 0:40:24]} 1/2-1/2

[Event "Greek Team Cup Final 8"]
[Site "chess24.com"]
[Date "2017.07.02"]
[Round "4"]
[White "Mastrovasilis, Dimitrios"]
[Black "Saric, Ivan"]
[Result "1/2-1/2"]
[Board "1"]
[WhiteElo "2580"]
[WhiteTitle "GM"]
[WhiteCountry "GRE"]
[WhiteFideId "4202694"]
[WhiteEloChange "1"]
[BlackElo "2616"]
[BlackTitle "GM"]
[BlackCountry "CRO"]
[BlackFideId "14508150"]
[BlackEloChange "-1"]

1. e4 {[%clk 0:10:17]} c5 {[%clk 0:10:20]} 2. Nf3 {[%clk 0:10:23]} d6 {[%clk
0:10:29]} 3. d4 {[%clk 0:10:29]} cxd4 {[%clk 0:10:38]} 4. Nxd4 {[%clk 0:10:36]}
Nf6 {[%clk 0:10:48]} 5. f3 {[%clk 0:10:44]} e5 {[%clk 0:10:49]} 6. Nb3 {[%clk
0:10:53]} Be7 {[%clk 0:10:36]} 7. c4 {[%clk 0:10:58]} a5 {[%clk 0:10:46]} 8. Be3
{[%clk 0:11:05]} O-O {[%clk 0:10:49]} 9. Nc3 {[%clk 0:11:10]} Nc6 {[%clk
0:10:56]} 10. Be2 {[%clk 0:10:26]} a4 {[%clk 0:10:48]} 11. Nd2 {[%clk 0:10:34]}
a3 {[%clk 0:10:57]} 12. bxa3 {[%clk 0:10:35]} Rxa3 {[%clk 0:10:27]} 13. Nb3
{[%clk 0:09:54]} Nh5 {[%clk 0:08:45]} 14. Qc1 {[%clk 0:09:07]} Ra6 {[%clk
0:08:00]} 15. Nd5 {[%clk 0:08:52]} Nf4 {[%clk 0:07:40]} 16. Bxf4 {[%clk 0:07:50]}
exf4 {[%clk 0:07:49]} 17. Nxe7+ {[%clk 0:07:57]} Nxe7 {[%clk 0:05:29]} 18. Qxf4
{[%clk 0:07:52]} Ng6 {[%clk 0:05:06]} 19. Qe3 {[%clk 0:06:51]} Qf6 {[%clk
0:04:51]} 20. O-O {[%clk 0:05:44]} Nf4 {[%clk 0:04:34]} 21. g3 {[%clk 0:05:04]}
Nxe2+ {[%clk 0:04:42]} 22. Qxe2 {[%clk 0:05:13]} Be6 {[%clk 0:04:51]} 23. Rfd1
{[%clk 0:04:15]} Rfa8 {[%clk 0:04:39]} 24. Nd4 {[%clk 0:02:59]} Ra3 {[%clk
0:04:43]} 25. Rd2 {[%clk 0:02:39]} Rc3 {[%clk 0:04:37]} 26. Nxe6 {[%clk 0:02:05]}
fxe6 {[%clk 0:04:45]} 27. Rf1 {[%clk 0:01:41]} Qe5 {[%clk 0:04:11]} 28. Rfd1
{[%clk 0:01:39]} Qc5+ {[%clk 0:02:51]} 29. Kg2 {[%clk 0:01:36]} Ra6 {[%clk
0:02:12]} 30. Qf2 {[%clk 0:01:06]} Qxc4 {[%clk 0:02:06]} 31. Rxd6 {[%clk
0:00:51]} Rxa2 {[%clk 0:02:15]} 32. Rd8+ {[%clk 0:00:51]} Kf7 {[%clk 0:02:24]}
33. R8d7+ {[%clk 0:00:46]} Kg6 {[%clk 0:01:52]} 34. R7d2 {[%clk 0:00:53]} Rcc2
{[%clk 0:01:59]} 35. Kh3 {[%clk 0:00:52]} Rxd2 {[%clk 0:01:46]} 36. Rxd2 {[%clk
0:01:01]} Rxd2 {[%clk 0:01:55]} 37. Qxd2 {[%clk 0:01:09]} Qf1+ {[%clk 0:01:56]}
38. Kg4 {[%clk 0:01:17]} Qb5 {[%clk 0:01:46]} 39. Qd8 {[%clk 0:00:53]} Qh5+
{[%clk 0:01:49]} 40. Kf4 {[%clk 0:01:02]} e5+ {[%clk 0:01:03]} 41. Ke3 {[%clk
0:01:10]} Qh6+ {[%clk 0:01:03]} 42. Kd3 {[%clk 0:01:06]} Qxh2 {[%clk 0:01:03]}
43. Qe8+ {[%clk 0:01:12]} Kf6 {[%clk 0:01:11]} 44. Qf8+ {[%clk 0:01:16]} Ke6
{[%clk 0:01:01]} 45. Qxg7 {[%clk 0:01:01]} Qh1 {[%clk 0:00:57]} 46. Qg8+ {[%clk
0:01:01]} Ke7 {[%clk 0:01:05]} 47. Qg5+ {[%clk 0:00:57]} Ke6 {[%clk 0:01:00]} 48.
Qf5+ {[%clk 0:01:06]} Kd6 {[%clk 0:01:09]} 49. Qf6+ {[%clk 0:00:58]} Kd7 {[%clk
0:01:18]} 50. Qf7+ {[%clk 0:01:02]} Kd8 {[%clk 0:01:17]} 51. Qd5+ {[%clk
0:00:41]} Kc8 {[%clk 0:01:26]} 52. Qc5+ {[%clk 0:00:42]} Kd7 {[%clk 0:01:26]} 53.
Qb5+ {[%clk 0:00:48]} Kd8 {[%clk 0:01:02]} 54. Qb6+ {[%clk 0:00:44]} Kc8 {[%clk
0:01:07]} 55. Qe6+ {[%clk 0:00:39]} Kd8 {[%clk 0:01:16]} 56. Qf6+ {[%clk
0:00:34]} Kd7 {[%clk 0:01:06]} 1/2-1/2

[Event "Greek Team Cup Final 8"]
[Site "chess24.com"]
[Date "2017.07.02"]
[Round "4"]
[White "Pavlidis, Antonios"]
[Black "Malikentzos, Sotirios"]
[Result "1-0"]
[Board "2"]
[WhiteElo "2540"]
[WhiteTitle "GM"]
[WhiteCountry "GRE"]
[WhiteFideId "4212312"]
[WhiteEloChange "4"]
[BlackElo "2439"]
[BlackTitle "FM"]
[BlackCountry "GRE"]
[BlackFideId "4215079"]
[BlackEloChange "-4"]

1. e4 {[%clk 0:10:18]} c6 {[%clk 0:10:19]} 2. d4 {[%clk 0:10:25]} d5 {[%clk
0:10:28]} 3. Nd2 {[%clk 0:10:33]} dxe4 {[%clk 0:10:36]} 4. Nxe4 {[%clk 0:10:42]}
Bf5 {[%clk 0:10:46]} 5. Ng3 {[%clk 0:10:50]} Bg6 {[%clk 0:10:55]} 6. h4 {[%clk
0:10:58]} h6 {[%clk 0:11:04]} 7. Nf3 {[%clk 0:11:06]} e6 {[%clk 0:11:12]} 8. Ne5
{[%clk 0:11:08]} Bh7 {[%clk 0:11:21]} 9. Bd3 {[%clk 0:11:16]} Bxd3 {[%clk
0:11:01]} 10. Qxd3 {[%clk 0:11:25]} Nd7 {[%clk 0:11:09]} 11. Qe2 {[%clk 0:11:34]}
Ngf6 {[%clk 0:09:14]} 12. Bd2 {[%clk 0:11:04]} Be7 {[%clk 0:09:00]} 13. O-O-O
{[%clk 0:11:00]} c5 {[%clk 0:08:06]} 14. Nxd7 {[%clk 0:11:08]} Qxd7 {[%clk
0:08:05]} 15. dxc5 {[%clk 0:11:11]} Qc6 {[%clk 0:07:30]} 16. Bc3 {[%clk 0:11:04]}
Qxc5 {[%clk 0:07:10]} 17. Ne4 {[%clk 0:10:51]} Qc6 {[%clk 0:06:00]} 18. Nxf6+
{[%clk 0:10:57]} Bxf6 {[%clk 0:05:56]} 19. Bxf6 {[%clk 0:10:55]} gxf6 {[%clk
0:06:05]} 20. Rh3 {[%clk 0:11:04]} Ke7 {[%clk 0:04:21]} 21. Rc3 {[%clk 0:11:11]}
Qb6 {[%clk 0:04:23]} 22. Rb3 {[%clk 0:09:01]} Qc6 {[%clk 0:04:31]} 23. Rbd3
{[%clk 0:08:40]} Rhd8 {[%clk 0:04:05]} 24. g3 {[%clk 0:08:48]} Rxd3 {[%clk
0:03:42]} 25. Qxd3 {[%clk 0:08:37]} Rc8 {[%clk 0:03:49]} 26. Kb1 {[%clk 0:08:27]}
f5 {[%clk 0:03:52]} 27. Qd2 {[%clk 0:08:25]} a5 {[%clk 0:03:25]} 28. c3 {[%clk
0:08:28]} a4 {[%clk 0:03:25]} 29. a3 {[%clk 0:08:36]} Rh8 {[%clk 0:02:24]} 30.
Ka1 {[%clk 0:08:45]} Qe4 {[%clk 0:01:23]} 31. Qd6+ {[%clk 0:08:34]} Kf6 {[%clk
0:01:30]} 32. Qb6 {[%clk 0:08:42]} Qe2 {[%clk 0:00:31]} 33. Qd4+ {[%clk 0:08:06]}
Kg6 {[%clk 0:00:41]} 34. Rg1 {[%clk 0:07:12]} Rc8 {[%clk 0:00:32]} 35. g4 {[%clk
0:07:07]} f4 {[%clk 0:00:26]} 36. g5 {[%clk 0:07:16]} e5 {[%clk 0:00:14]} 37.
Qd6+ {[%clk 0:07:23]} Kf5 {[%clk 0:00:23]} 38. Qd7+ {[%clk 0:07:32]} Ke4 {[%clk
0:00:32]} 39. Qxc8 {[%clk 0:07:38]} Qxf2 {[%clk 0:00:41]} 40. Qxb7+ {[%clk
0:07:46]} Kf5 {[%clk 0:00:34]} 41. Qxf7+ {[%clk 0:07:53]} Ke4 {[%clk 0:00:43]}
42. Qc4+ {[%clk 0:08:01]} Kf5 {[%clk 0:00:43]} 43. Qd3+ {[%clk 0:07:32]} Ke6
{[%clk 0:00:33]} 44. Qg6+ {[%clk 0:07:40]} Ke7 {[%clk 0:00:33]} 45. gxh6 {[%clk
0:07:49]} 1-0

[Event "Greek Team Cup Final 8"]
[Site "chess24.com"]
[Date "2017.07.02"]
[Round "4"]
[White "Georgiadis, Nico"]
[Black "Papaioannou, Ioannis"]
[Result "0-1"]
[Board "3"]
[WhiteElo "2495"]
[WhiteTitle "IM"]
[WhiteCountry "SUI"]
[WhiteFideId "1300113"]
[WhiteEloChange "-3"]
[BlackElo "2636"]
[BlackTitle "GM"]
[BlackCountry "GRE"]
[BlackFideId "4201345"]
[BlackEloChange "3"]

1. e4 {[%clk 0:10:18]} c5 {[%clk 0:10:18]} 2. Nf3 {[%clk 0:10:26]} d6 {[%clk
0:10:25]} 3. d4 {[%clk 0:10:35]} cxd4 {[%clk 0:10:32]} 4. Nxd4 {[%clk 0:10:44]}
Nf6 {[%clk 0:10:40]} 5. Nc3 {[%clk 0:10:52]} a6 {[%clk 0:10:48]} 6. Qd3 {[%clk
0:11:01]} g6 {[%clk 0:10:36]} 7. Bg5 {[%clk 0:11:09]} Bg7 {[%clk 0:10:43]} 8.
O-O-O {[%clk 0:11:10]} Nbd7 {[%clk 0:10:42]} 9. Be2 {[%clk 0:10:58]} Qc7 {[%clk
0:10:49]} 10. h4 {[%clk 0:09:32]} h5 {[%clk 0:10:35]} 11. f4 {[%clk 0:08:49]} O-O
{[%clk 0:07:26]} 12. Qe3 {[%clk 0:07:26]} e5 {[%clk 0:07:12]} 13. Nb3 {[%clk
0:06:53]} b5 {[%clk 0:07:05]} 14. f5 {[%clk 0:05:54]} Bb7 {[%clk 0:06:54]} 15.
fxg6 {[%clk 0:03:27]} fxg6 {[%clk 0:07:01]} 16. Bf3 {[%clk 0:03:34]} b4 {[%clk
0:07:05]} 17. Nd5 {[%clk 0:02:55]} Bxd5 {[%clk 0:07:12]} 18. exd5 {[%clk
0:03:02]} a5 {[%clk 0:07:15]} 19. Kb1 {[%clk 0:02:56]} a4 {[%clk 0:07:10]} 20.
Nd2 {[%clk 0:02:52]} e4 {[%clk 0:07:19]} 21. Nxe4 {[%clk 0:02:29]} Nxe4 {[%clk
0:07:26]} 22. Qxe4 {[%clk 0:02:26]} b3 {[%clk 0:07:14]} 23. Qxg6 {[%clk 0:02:19]}
bxa2+ {[%clk 0:07:16]} 24. Kxa2 {[%clk 0:01:45]} a3 {[%clk 0:07:18]} 25. b3
{[%clk 0:01:35]} Qc3 {[%clk 0:07:24]} 26. Rb1 {[%clk 0:00:50]} Qb2+ {[%clk
0:07:31]} 0-1